[Event "Aeroflot Open 2012 B"]
[Site "Moscow"]
[Date "2012.02.10"]
[Round "4"]
[White "Illner, Achim"]
[Black "Gagare, Shardul"]
[Result "1-0"]
[WhiteElo "2375"]
[BlackElo "2268"]
[PlyCount "125"]
[EventDate "2012.02.07"]
[EventType "swiss"]
[EventRounds "9"]
[EventCountry "RUS"]

1. d4 d5 2. Nf3 Nf6 3. c4 dxc4 4. e3 e6 5. Bxc4 a6 6. O-O c5 7. Bb3 Nc6 8. Nc3
Be7 9. dxc5 Qxd1 10. Rxd1 Bxc5 11. Bd2 Bd7 12. Rac1 Ba7 13. Be1 Ke7 14. Na4
Rhd8 15. Nc5 Bxc5 16. Rxc5 Be8 17. Rdc1 Ne4 18. R5c4 Nd6 19. Rh4 h6 20. Nd4 e5
21. Nxc6+ Bxc6 22. Ba5 Rd7 23. f4 Nf5 24. Rh3 exf4 25. Bb4+ Kd8 26. exf4 Nd4
27. Bd1 Rd5 28. Rc5 Rxc5 29. Bxc5 Ne6 30. Bd6 Be4 31. Re3 f5 32. g4 Rc8 33.
gxf5 Bxf5 34. Bf3 Rc1+ 35. Kf2 Rc2+ 36. Re2 Rxe2+ 37. Bxe2 Kd7 38. Be5 g5 39.
Bf3 Kc8 40. Ke3 gxf4+ 41. Bxf4 Nxf4 42. Kxf4 Bb1 43. a3 b6 $11 44. Be4 Ba2 45.
Kf5 Kd7 46. Kg6 Ke6 47. Kxh6 Kf6 48. Kh5 Be6 49. Kh4 b5 50. Kg3 Ke5 51. Bc2 a5
52. h4 Bf7 53. Kf3 Kd4 54. Ke2 b4 55. axb4 axb4 56. Kd2 Be8 57. Bd1 Kc4 58. h5
Bxh5 59. Bxh5 Kb3 60. Kc1 Ka2 61. Kc2 Ka1 62. Bf7 b3+ 63. Kxb3 1-0

[Event "Aeroflot Open 2012 B"]
[Site "Moscow"]
[Date "2012.02.10"]
[Round "4"]
[White "Sychev, Klementy"]
[Black "Tari, Aryan"]
[Result "1/2-1/2"]
[WhiteElo "2362"]
[BlackElo "2206"]
[PlyCount "77"]
[EventDate "2012.02.07"]
[EventType "swiss"]
[EventRounds "9"]
[EventCountry "RUS"]

1. e4 c6 2. d4 d5 3. e5 Bf5 4. Be3 e6 5. Nd2 Nd7 6. Ngf3 Rc8 7. Be2 h6 8. O-O
Ne7 9. h3 c5 10. dxc5 Nc6 11. c4 Nxc5 12. Nb3 Nxb3 13. Qxb3 Qd7 14. cxd5 exd5
15. Nd4 Nxd4 16. Bxd4 a6 17. Rac1 Be7 18. Qg3 Rg8 19. Qe3 Rxc1 20. Rxc1 g5 21.
Bb6 Bd8 22. Bxd8 d4 23. e6 Bxe6 24. Qe5 Qxd8 25. Rd1 Ke7 26. Rxd4 Qb6 27. Bg4
Rc8 28. Qe3 Qxb2 29. Kh2 Qc1 30. Qf3 Qc7+ 31. g3 Qc6 32. Qa3+ Qc5 33. Qb2 b5
34. Bxe6 fxe6 35. Qd2 Rc7 36. Rd8 Kf7 37. Ra8 Qd5 38. Qxd5 exd5 39. Rxa6 $11
1/2-1/2

[Event "Aeroflot Open 2012 B"]
[Site "Moscow"]
[Date "2012.02.10"]
[Round "4"]
[White "Karavade, Eesha"]
[Black "Kerigan, Demre"]
[Result "1-0"]
[WhiteElo "2354"]
[BlackElo "2184"]
[PlyCount "69"]
[EventDate "2012.02.07"]
[EventType "swiss"]
[EventRounds "9"]
[EventCountry "RUS"]

1. d4 Nf6 2. c4 g6 3. Nc3 Bg7 4. e4 d6 5. f3 O-O 6. Nge2 c5 7. Be3 Nc6 8. d5
Ne5 9. Ng3 h5 10. Be2 h4 11. Nf1 e6 12. f4 Neg4 13. Bxg4 Nxg4 14. Qxg4 exd5 15.
f5 d4 16. Nd5 dxe3 17. Nfxe3 Qa5+ 18. b4 Qd8 19. Rd1 cxb4 20. O-O Bh6 21. Qh3
Bd7 22. Ng4 Bg5 23. Qd3 gxf5 24. exf5 f6 25. Nf2 Bc6 26. Ne4 Bh6 27. c5 dxc5
28. Ndxf6+ Kg7 29. Qh3 Qe7 30. Qg4+ Kh8 31. Qxh4 Qg7 32. Rd6 Rad8 33. Nh5 Rxd6
34. Nxg7 Bxe4 35. Ne6 1-0

[Event "Aeroflot Open 2012 B"]
[Site "Moscow"]
[Date "2012.02.10"]
[Round "4"]
[White "Pasiev, Rakhim"]
[Black "Lavrov, Maxim"]
[Result "1/2-1/2"]
[WhiteElo "2312"]
[BlackElo "2397"]
[PlyCount "78"]
[EventDate "2012.02.07"]
[EventType "swiss"]
[EventRounds "9"]
[EventCountry "RUS"]

1. e4 e5 2. Nf3 Nc6 3. Bc4 Nf6 4. Ng5 d5 5. exd5 Na5 6. Bb5+ c6 7. dxc6 bxc6 8.
Qf3 Rb8 9. Bd3 h6 10. Ne4 Nd5 11. O-O Nf4 12. Re1 Nxd3 13. cxd3 Be7 14. Ng3 O-O
15. Nf5 Bg5 16. Rxe5 Re8 17. Rxe8+ Qxe8 18. Ne3 Qd7 19. Nc3 f5 20. Nc4 Qe6 21.
Qe2 Qxe2 22. Nxe2 Nxc4 23. dxc4 Be6 24. b3 Re8 25. Kf1 Bf6 26. d4 g5 27. Bb2 f4
28. f3 Bf5 29. Rd1 Kf7 30. Kf2 a5 31. Bc3 a4 32. b4 Re3 33. Bd2 Ra3 34. Bc3
Rxa2 35. Ke1 a3 36. Rd2 Rxd2 37. Kxd2 Be6 38. Kd3 Bf5+ 39. Kd2 Be6 1/2-1/2

[Event "Aeroflot Open 2012 B"]
[Site "Moscow"]
[Date "2012.02.10"]
[Round "4"]
[White "Ghosh, Diptayan"]
[Black "Narayanan.S.L"]
[Result "1/2-1/2"]
[WhiteElo "2372"]
[BlackElo "2320"]
[PlyCount "73"]
[EventDate "2012.02.07"]
[EventType "swiss"]
[EventRounds "9"]
[EventCountry "RUS"]

1. d4 c5 2. d5 Nf6 3. Nc3 d6 4. e4 g6 5. Be2 Bg7 6. Nf3 O-O 7. Nd2 Na6 8. O-O
e6 9. Nc4 exd5 10. exd5 Nc7 11. Bf4 b5 12. Nxd6 b4 13. Nce4 Nfxd5 14. Bg5 f6
15. Bh4 Kh8 16. Bc4 Be6 17. Re1 Nb6 18. Bxe6 Nxe6 19. Nb7 Qc7 20. Qd6 Qxd6 21.
Nexd6 Nd4 22. Rac1 c4 23. c3 bxc3 24. bxc3 Nc6 25. Nc5 Rad8 26. Rcd1 g5 27. Bg3
f5 28. Ne6 f4 29. Bxf4 gxf4 30. Nxd8 Nxd8 31. Re4 Nf7 32. Nxf7+ Rxf7 33. Rd8+
Rf8 34. Ree8 Kg8 35. Rxf8+ Bxf8 36. Kf1 $11 f3 37. gxf3 1/2-1/2

[Event "Aeroflot Open 2012 B"]
[Site "Moscow"]
[Date "2012.02.10"]
[Round "4"]
[White "Byambaa, Zulzaga"]
[Black "Arabidze, Meri"]
[Result "1-0"]
[WhiteElo "2279"]
[BlackElo "2358"]
[PlyCount "103"]
[EventDate "2012.02.07"]
[EventType "swiss"]
[EventRounds "9"]
[EventCountry "RUS"]

1. e4 c5 2. Nf3 e6 3. d4 cxd4 4. Nxd4 Nc6 5. Nb5 d6 6. Bf4 e5 7. Be3 Nf6 8. Nd2
a6 9. Nc3 b5 10. a4 b4 11. Nd5 Nxd5 12. exd5 Na5 13. Nc4 Rb8 14. Bb6 Rxb6 15.
Nxa5 Qh4 16. Be2 Bd7 17. O-O Be7 18. Nc4 Rb7 19. a5 O-O 20. Nb6 Bd8 21. Bxa6
Rxb6 22. axb6 Bxb6 23. Qe2 Qg5 24. Kh1 Qg6 25. Bd3 f5 26. Bb5 Bc8 27. Ra8 Bc5
28. Ba6 Bd7 29. Rxf8+ Kxf8 30. Bb5 Qe8 31. Bxd7 Qxd7 32. Qa6 Ke7 33. c3 bxc3
34. bxc3 Kf6 35. f3 f4 36. Rd1 h6 37. Qd3 Qa4 38. h4 Qe8 39. g4 fxg3 40. Kg2
Bf2 41. Qe4 g6 42. Qg4 Be3 43. Rb1 h5 44. Qc4 Qa8 45. Kxg3 Bc5 46. f4 e4 47.
Qxe4 Qc8 48. Qe2 Qf5 49. Re1 Kg7 50. Qe7+ Qf7 51. Qxf7+ Kxf7 52. Re6 1-0

[Event "Aeroflot Open 2012 B"]
[Site "Moscow"]
[Date "2012.02.10"]
[Round "4"]
[White "Inants, Aghasi"]
[Black "Korchmar, Vasiliy"]
[Result "0-1"]
[WhiteElo "2347"]
[BlackElo "2263"]
[PlyCount "72"]
[EventDate "2012.02.07"]
[EventType "swiss"]
[EventRounds "9"]
[EventCountry "RUS"]

1. e4 e5 2. Nf3 Nc6 3. Bb5 a6 4. Ba4 Nf6 5. O-O Be7 6. Bxc6 dxc6 7. d3 Nd7 8.
Nbd2 O-O 9. Nc4 f6 10. Nh4 Nc5 11. Nf5 Bxf5 12. exf5 Qd5 13. Qg4 Rfe8 14. f3 b6
15. Ne3 Qf7 16. b3 Rad8 17. Bb2 Nb7 18. Rae1 Bc5 19. Kh1 Bxe3 20. Rxe3 Nd6 21.
f4 e4 22. Rh3 exd3 23. cxd3 Kh8 24. Rh5 h6 25. h3 Re3 26. Qh4 Kh7 27. Rc1 Rxd3
28. Rxc6 Ne4 29. Kh2 R8d6 30. Rxd6 cxd6 31. Qe1 Qd5 32. Rh4 Rd2 33. Bc1 Rd1 34.
Qe3 Qd3 35. Rg4 Qxe3 36. Bxe3 b5 0-1

[Event "Aeroflot Open 2012 B"]
[Site "Moscow"]
[Date "2012.02.10"]
[Round "4"]
[White "Kharmunova, Nadejda"]
[Black "Szabo, Bence"]
[Result "0-1"]
[WhiteElo "2215"]
[BlackElo "2330"]
[PlyCount "66"]
[EventDate "2012.02.07"]
[EventType "swiss"]
[EventRounds "9"]
[EventCountry "RUS"]

1. e4 c5 2. Nf3 d6 3. d4 cxd4 4. Nxd4 Nf6 5. Nc3 a6 6. h3 e6 7. Be3 b5 8. f3
Bb7 9. g4 Nbd7 10. Bg2 Nb6 11. Bf2 Nc4 12. Qc1 d5 13. g5 Nh5 14. exd5 Bd6 15.
Nce2 Bxd5 16. b3 Ne5 17. Qe3 Ng6 18. h4 O-O 19. Bh3 Ngf4 20. Nxf4 Bxf4 21. Qd3
Qa5+ 22. c3 Rac8 23. Ne2 Rfd8 24. Bg4 Bc4 25. Qxd8+ Rxd8 26. bxc4 Ng3 27. Bxg3
Bxg3+ 28. Nxg3 Qxc3+ 29. Kf2 Rd2+ 30. Ne2 Qd4+ 31. Kg3 Rxe2 32. Rad1 Qf2+ 33.
Kf4 g6 0-1

[Event "Aeroflot Open 2012 B"]
[Site "Moscow"]
[Date "2012.02.10"]
[Round "4"]
[White "Yuffa, Daniil"]
[Black "Yakimenko, Alexander A"]
[Result "1-0"]
[WhiteElo "2323"]
[BlackElo "2258"]
[PlyCount "134"]
[EventDate "2012.02.07"]
[EventType "swiss"]
[EventRounds "9"]
[EventCountry "RUS"]

1. Nf3 e6 2. g3 f5 3. Bg2 Nf6 4. O-O Be7 5. c4 O-O 6. Nc3 d5 7. d3 d4 8. Nb5
Nc6 9. Rb1 a6 10. Na3 e5 11. Nc2 a5 12. a3 a4 13. b4 axb3 14. Rxb3 Nd7 15. Nb4
Bf6 16. Nxc6 bxc6 17. Nd2 Nc5 18. Rb4 Bd7 19. Qc2 Re8 20. Nb3 Ne6 21. c5 Kh8
22. f4 exf4 23. gxf4 Qe7 24. Kh1 Red8 25. a4 Be8 26. Bf3 Qd7 27. Bd2 Bf7 28.
Ra1 Nf8 29. a5 Ng6 30. a6 Nh4 31. Be1 Nxf3 32. exf3 Qd5 33. Qg2 Rdb8 34. Rxb8+
Rxb8 35. a7 Ra8 36. Ra3 Be7 37. Qe2 Bf6 38. Kg2 Qd7 39. Bf2 h6 40. Qb2 Bxb3 41.
Qxb3 Qc8 42. Qb4 Kh7 43. Ra1 Kh8 44. Qb3 Kh7 45. Kh3 Kh8 46. Bh4 Bxh4 47. Kxh4
Qd8+ 48. Kg3 Qc8 49. Qb2 Kh7 50. Qb4 Kh8 51. Qxd4 Qb7 52. Kh4 Qb3 53. Kg3 Qb7
54. Kh4 Qb3 55. Rg1 Qf7 56. Qa1 Qe7+ 57. Kh3 Kh7 58. Rg3 Qf8 59. Kg2 Re8 60.
Kh1 Ra8 61. Rg1 Qe7 62. Rg2 Qf8 63. h3 Qe7 64. Kh2 Qf8 65. h4 Qe7 66. Kh3 Qf8
67. h5 Qe8 1-0

[Event "Aeroflot Open 2012 B"]
[Site "Moscow"]
[Date "2012.02.10"]
[Round "4"]
[White "Palacios, Antonio"]
[Black "Severina, Maria"]
[Result "1/2-1/2"]
[WhiteElo "2320"]
[BlackElo "2185"]
[PlyCount "62"]
[EventDate "2012.02.07"]
[EventType "swiss"]
[EventRounds "9"]
[EventCountry "RUS"]

1. Nf3 Nf6 2. c4 g6 3. Nc3 Bg7 4. g3 O-O 5. Bg2 e6 6. e4 d5 7. e5 Nfd7 8. d4 c5
9. cxd5 exd5 10. dxc5 d4 11. Qxd4 Nc6 12. Qd5 Nb4 13. Qd1 Nxc5 14. Qxd8 Rxd8
15. O-O Be6 16. Be3 Ncd3 17. Nd4 Bc4 18. a3 Nd5 19. Nxd5 Bxd5 20. Bxd5 Rxd5 21.
Nf3 Nxe5 22. Nxe5 Bxe5 23. Rab1 Rd3 24. b3 a6 25. Rfc1 Rad8 26. a4 Bd4 27. Bxd4
R8xd4 28. b4 Ra3 29. Rc7 Rxa4 30. Rxb7 Ra2 31. Rb3 Rad2 1/2-1/2

[Event "Aeroflot Open 2012 B"]
[Site "Moscow"]
[Date "2012.02.10"]
[Round "4"]
[White "Zhelesny, Stanislav"]
[Black "Tonoian, Armen"]
[Result "0-1"]
[WhiteElo "2161"]
[BlackElo "2374"]
[PlyCount "99"]
[EventDate "2012.02.07"]
[EventType "swiss"]
[EventRounds "9"]
[EventCountry "RUS"]

1. Nf3 c5 2. g3 Nc6 3. d4 cxd4 4. Nxd4 g6 5. Bg2 Bg7 6. Nxc6 bxc6 7. O-O Nf6 8.
c4 Qc7 9. Nc3 d6 10. b3 O-O 11. Bb2 Rb8 12. Ne4 Ne8 13. Bxg7 Nxg7 14. e3 Ne6
15. Nc3 Nc5 16. Ne4 Nd7 17. Qd2 f5 18. Nc3 Nf6 19. Rad1 Be6 20. Qc1 Rf7 21. Ne2
a5 22. Nc3 Rd8 23. Rfe1 Bc8 24. f4 Rff8 25. c5 d5 26. Ne2 e5 27. fxe5 Qxe5 28.
Nd4 Bd7 29. Qd2 Ra8 30. Rc1 Rfe8 31. Bf3 Qc7 32. a3 Bc8 33. b4 axb4 34. axb4
Ba6 35. Qb2 Qe5 36. Qf2 Rac8 37. Ra1 Bc4 38. Ra7 Qb8 39. Ra4 Qe5 40. Ra3 Rc7
41. Qd2 Ne4 42. Qb2 Nxg3 43. hxg3 Qxg3+ 44. Qg2 Qxe1+ 45. Kh2 Qxb4 46. Ra1 Qxc5
47. Nxf5 Qf8 48. e4 dxe4 49. Bxe4 Rf7 50. Qc2 0-1

[Event "Aeroflot Open 2012 B"]
[Site "Moscow"]
[Date "2012.02.10"]
[Round "4"]
[White "Byelopolskiy, V."]
[Black "Ynojosa, Felix Jose"]
[Result "0-1"]
[WhiteElo "2478"]
[BlackElo "2327"]
[PlyCount "86"]
[EventDate "2012.02.07"]
[EventType "swiss"]
[EventRounds "9"]
[EventCountry "RUS"]

1. e4 c5 2. Nf3 Nc6 3. d4 cxd4 4. Nxd4 e5 5. Nb5 d6 6. N1c3 a6 7. Na3 b5 8. Nd5
Nce7 9. c3 Nxd5 10. Qxd5 Be6 11. Qc6+ Bd7 12. Qd5 Nf6 13. Qd3 Bc6 14. f3 d5 15.
exd5 Nxd5 16. Be3 Bxa3 17. bxa3 Qa5 18. Bc5 Qxc3+ 19. Qxc3 Nxc3 20. Rc1 Nd5 21.
Kf2 O-O-O 22. Be2 Kb7 23. g3 Nc7 24. Rhd1 Ne6 25. Be7 Rxd1 26. Rxd1 Re8 27. Bb4
Kb6 28. Bc3 Nc5 29. Bf1 f6 30. Bh3 Na4 31. Bd2 Nb2 32. Be3+ Kc7 33. Rd2 Nc4 34.
Rd3 Nxe3 35. Rxe3 Rd8 36. Ke2 Bd5 37. Rc3+ Kb6 38. Rc2 Bc4+ 39. Kf2 Rd3 40. Bf1
Rxa3 41. Bxc4 bxc4 42. Rxc4 Rxa2+ 43. Kg1 Rd2 0-1

[Event "Aeroflot Open 2012 B"]
[Site "Moscow"]
[Date "2012.02.11"]
[Round "5"]
[White "Can, Emre"]
[Black "Grishchenko, Sergey"]
[Result "1-0"]
[WhiteElo "2462"]
[BlackElo "2489"]
[PlyCount "80"]
[EventDate "2012.02.07"]
[EventType "swiss"]

1. d4 d5 2. Nf3 Nf6 3. c4 e6 4. Nc3 c6 5. Bg5 h6 6. Bxf6 Qxf6 7. Qb3 Qe7 8. a3
g6 9. e4 Bg7 10. Bd3 O-O 11. O-O dxe4 12. Nxe4 Nd7 13. Rfe1 c5 14. Nxc5 Nxc5
15. dxc5 Qxc5 16. Rad1 a5 17. Qc2 a4 18. h4 Ra6 19. Nd2 Qd4 20. c5 Rc6 21. Ne4
Qxb2 22. Qxa4 f5 23. Nd6 Bd7 24. Bb5 Ra6 25. Qc4 Bxb5 26. Nxb5 Rc6 27. Rd7 b6
28. Nd6 Kh8 29. Qxe6 Rxc5 30. Nf7+ Kh7 31. Ne5 Rxe5 32. Qxe5 Qxe5 33. Rxe5 f4
34. Ree7 Rg8 35. Rb7 g5 36. h5 Kh8 37. a4 g4 38. Kh2 f3 39. gxf3 gxf3 40. Kh3
Kh7 1-0

[Event "Aeroflot Open 2012 B"]
[Site "Moscow"]
[Date "2012.02.11"]
[Round "5"]
[White "Sundararajan, Kidambi"]
[Black "Kotanjian, Tigran"]
[Result "1/2-1/2"]
[WhiteElo "2474"]
[BlackElo "2533"]
[PlyCount "110"]
[EventDate "2012.02.07"]
[EventType "swiss"]

1. c4 Nf6 2. g3 c6 3. Bg2 d5 4. Nf3 Nbd7 5. cxd5 cxd5 6. O-O e5 7. d4 e4 8. Ne5
Bd6 9. Bf4 Qe7 10. Nc3 O-O 11. Nxd7 Qxd7 12. Be5 Ng4 13. Nxd5 Nxe5 14. dxe5
Bxe5 15. Bxe4 Bxb2 16. Rb1 f5 17. Qb3 Kh8 18. Bg2 Be5 19. Rfd1 Qf7 20. Nf4 Qxb3
21. Rxb3 Rb8 22. Re3 Bf6 23. Rd6 b5 24. Nd5 Bd4 25. Rd3 Be5 26. Rc6 b4 27. f4
Bb7 28. Re6 Bb2 29. Ne3 Bc8 30. Red6 Bf6 31. Nc4 Be7 32. Rc6 Bb7 33. Rc7 Ba6
34. Rxe7 Bxc4 35. Rdd7 Bxa2 36. Rxa7 Bg8 37. Rxg7 b3 38. Bd5 b2 39. Ba2 b1=Q+
40. Bxb1 Rxb1+ 41. Kf2 Rf6 42. Rgd7 Rh6 43. h4 Re6 44. Ra8 Rg6 45. Rf7 Rb3 46.
Rxf5 Rbxg3 47. Rg5 Rh3 48. f5 Rxg5 49. hxg5 Rh5 50. f6 Rxg5 51. e4 Rg6 52. e5
Rg5 53. e6 Rf5+ 54. Kg3 Rxf6 55. e7 Re6 $11 1/2-1/2

[Event "Aeroflot Open 2012 B"]
[Site "Moscow"]
[Date "2012.02.11"]
[Round "5"]
[White "Kalegin, Evgenij"]
[Black "Grover, Sahaj"]
[Result "1-0"]
[WhiteElo "2462"]
[BlackElo "2532"]
[PlyCount "117"]
[EventDate "2012.02.07"]
[EventType "swiss"]

1. e4 e6 2. d4 d5 3. Nc3 Bb4 4. e5 c5 5. a3 Bxc3+ 6. bxc3 Ne7 7. h4 Nbc6 8. h5
Qa5 9. Bd2 Qa4 10. Nf3 cxd4 11. Bd3 dxc3 12. Bxc3 d4 13. Nxd4 Nxd4 14. Bxd4 Nc6
15. Bc3 Nxe5 16. h6 g6 17. Kf1 f6 18. Bxe5 fxe5 19. Qe2 Qf4 20. Re1 O-O 21. f3
Bd7 22. Qxe5 Qxe5 23. Rxe5 Rac8 24. Rh4 Rc3 25. Rd4 Rc7 26. Bc4 Kf7 27. Rde4
Kf6 28. f4 Rfc8 29. Bxe6 Bxe6 30. Rxe6+ Kf7 31. g4 Rd7 32. g5 b6 33. c4 Rcd8
34. Rf6+ Kg8 35. Kf2 Rd2+ 36. Kf3 R2d7 37. Kg4 Rc7 38. f5 gxf5+ 39. Rxf5 Rdc8
40. Rff4 Rd7 41. Kh5 Rdc7 42. Rd4 Re7 43. Rd6 Rec7 44. Rfd4 Kf7 45. Rd7+ Ke6
46. R4d6+ Ke5 47. Rd5+ Ke6 48. Rxc7 Rxc7 49. g6 hxg6+ 50. Kxg6 Rxc4 51. Rg5 Rc8
52. h7 Kd6 53. Kh6 Rh8 54. Kg7 Rc8 55. h8=Q Rxh8 56. Kxh8 Kc6 57. Kg7 b5 58.
Kf6 a5 59. Ke6 1-0

[Event "Aeroflot Open 2012 B"]
[Site "Moscow"]
[Date "2012.02.11"]
[Round "5"]
[White "Sivuk, Vitaly"]
[Black "Iljushin, Alexei"]
[Result "0-1"]
[WhiteElo "2459"]
[BlackElo "2523"]
[PlyCount "142"]
[EventDate "2012.02.07"]
[EventType "swiss"]

1. d4 d5 2. c4 c6 3. Nf3 Nf6 4. e3 Bf5 5. Nc3 e6 6. Nh4 Be4 7. f3 Bg6 8. Qb3
Qc7 9. Bd2 Be7 10. cxd5 cxd5 11. O-O-O Nc6 12. Nxg6 hxg6 13. Kb1 a6 14. Rc1 O-O
15. g4 Na5 16. Qc2 Nc4 17. g5 Nd7 18. Bxc4 Qxc4 19. h4 Rfc8 20. f4 b5 21. b3
Qc6 22. Qd3 Qb7 23. Rcf1 Rc6 24. h5 b4 25. hxg6 fxg6 26. Ne2 Nf8 27. Rc1 Rb6
28. Ng1 Bd6 29. Nf3 Qf7 30. Nh4 a5 31. Kc2 Rc6+ 32. Kd1 Rxc1+ 33. Bxc1 a4 34.
Rh2 axb3 35. axb3 Qe8 36. Rc2 Kf7 37. Ke2 Rc8 38. Bd2 Rxc2 39. Qxc2 Qb5+ 40.
Kf2 Qb7 41. Nf3 Nd7 42. Ne1 Nb8 43. Nd3 Nc6 44. Qa2 Qb5 45. Nc1 Qb7 46. Qa4 Ke7
47. Nd3 Kf7 48. Kf3 Ke7 49. Be1 Kf7 50. Bg3 Ke7 51. Kg2 Qb6 52. Kf1 Qb7 53. Ke2
Kf7 54. Kf2 Ke7 55. Kf3 Qb6 56. Qa8 Qb5 57. Ke2 Kf7 58. Kd2 Na5 59. Qa7+ Kg8
60. Nc1 Nc4+ 61. Kd3 Ne5+ 62. Kc2 Qc6+ 63. Kd1 Ng4 64. Ne2 Nxe3+ 65. Ke1 Nf5
66. Qa4 Qc2 67. Qe8+ Kh7 68. Qxe6 Qxb3 69. Kf2 Qc4 70. Qd7 b3 71. Qb7 Bb4 0-1

[Event "Aeroflot Open 2012 B"]
[Site "Moscow"]
[Date "2012.02.11"]
[Round "5"]
[White "Bogdanovich, Stanislav"]
[Black "Nguyen, Van Huy"]
[Result "1-0"]
[WhiteElo "2513"]
[BlackElo "2473"]
[PlyCount "31"]
[EventDate "2012.02.07"]
[EventType "swiss"]

1. d4 Nf6 2. c4 e6 3. Nf3 d5 4. Nc3 Bb4 5. Qa4+ Nc6 6. e3 O-O 7. Bd2 Re8 8. Qc2
e5 9. cxd5 Nxd5 10. dxe5 Nxe5 11. Nxd5 Nxf3+ 12. gxf3 Qxd5 13. Bxb4 Qxf3 14.
Rg1 Bf5 15. Be2 Qh3 16. Qxc7 1-0

[Event "Aeroflot Open 2012 B"]
[Site "Moscow"]
[Date "2012.02.11"]
[Round "5"]
[White "Obolenskikh, Dmitry"]
[Black "Vaibhav, Suri"]
[Result "1/2-1/2"]
[WhiteElo "2510"]
[BlackElo "2448"]
[PlyCount "42"]
[EventDate "2012.02.07"]
[EventType "swiss"]

1. Nf3 d5 2. d4 Nf6 3. c4 e6 4. Nc3 Be7 5. Bg5 O-O 6. e3 Nbd7 7. cxd5 Nxd5 8.
Bxe7 $11 Qxe7 9. Nxd5 exd5 10. Bd3 c6 11. Qc2 Nf6 12. h3 Ne4 13. O-O Bf5 14.
Nd2 Nxd2 15. Qxd2 Bxd3 16. Qxd3 a5 17. Qc3 g6 18. b3 Qa3 19. Rfc1 Rfc8 20. Qc5
Qxc5 21. Rxc5 Kf8 1/2-1/2

[Event "Aeroflot Open 2012 B"]
[Site "Moscow"]
[Date "2012.02.11"]
[Round "5"]
[White "Munguntuul, Batkhuyag"]
[Black "Bakre, Tejas"]
[Result "1-0"]
[WhiteElo "2452"]
[BlackElo "2509"]
[PlyCount "65"]
[EventDate "2012.02.07"]
[EventType "swiss"]

1. e4 c5 2. Nf3 d6 3. d4 cxd4 4. Nxd4 Nf6 5. Nc3 Nc6 6. f4 e5 7. Nf3 Be7 8. Bc4
O-O 9. O-O exf4 10. Bxf4 Ng4 11. Qd2 Be6 12. Bb3 Nce5 13. Nd5 Rc8 14. Kh1 Nxf3
15. Rxf3 Ne5 16. Rf2 Re8 17. Raf1 Bf8 18. Bxe5 dxe5 19. Ba4 Bc5 20. Bxe8 Bxf2
21. Bxf7+ Bxf7 22. Rxf2 Qh4 23. Qe2 Bg6 24. Kg1 h6 25. g3 Qg5 26. Kg2 Kh7 27.
h4 Qh5 28. c3 b5 29. Qxh5 Bxh5 30. Rf5 Bg6 31. Rxe5 Rd8 32. Kf3 Rf8+ 33. Ke2
1-0

[Event "Aeroflot Open 2012 B"]
[Site "Moscow"]
[Date "2012.02.11"]
[Round "5"]
[White "Ovetchkin, Roman"]
[Black "Wan, Yunguo"]
[Result "0-1"]
[WhiteElo "2507"]
[BlackElo "2428"]
[PlyCount "130"]
[EventDate "2012.02.07"]
[EventType "swiss"]

1. d4 Nf6 2. Nf3 g6 3. c4 Bg7 4. Nc3 O-O 5. Bg5 d6 6. e3 Nbd7 7. h3 e5 8. Be2
Re8 9. O-O h6 10. Bh4 e4 11. Nd2 g5 12. Bg3 Nf8 13. Qc2 Bf5 14. f3 exf3 15.
Qxf5 fxe2 16. Rf3 c5 17. Nxe2 Ng6 18. Qd3 cxd4 19. exd4 Nh5 20. Raf1 Qe7 21.
R1f2 Nxg3 22. Rxg3 Nh4 23. Nf3 Qe4 24. Nxh4 gxh4 25. Rgf3 Qxd3 26. Rxd3 Rac8
27. b3 b5 28. cxb5 Rc2 29. Nf4 Re1+ 30. Rf1 Re4 31. Nd5 Bxd4+ 32. Kh1 Rxa2 33.
Rdf3 Re5 34. Nf6+ Kg7 35. Rf4 Be3 36. Rxh4 Rf2 37. Rxf2 Bxf2 38. Rf4 Re1+ 39.
Kh2 Be3 40. Rf3 Bd4 41. Nh5+ Kf8 42. Kg3 Ke7 43. Kg4 Re5 44. h4 Rxb5 45. Ng3
Ke6 46. Ne2 h5+ 47. Kh3 Be5 48. g4 hxg4+ 49. Kxg4 Rb4+ 50. Kh3 f5 51. Ng3 f4
52. Nf1 Rb8 53. Nd2 Kf5 54. Kg2 Rg8+ 55. Kf2 Rh8 56. Rh3 Kg4 57. Rh1 Rxh4 58.
Rxh4+ Kxh4 59. Kf3 d5 60. b4 Kg5 61. Nb3 Kf5 62. b5 Bc3 63. Nc5 Bd4 64. Nd3 Be3
65. Nb4 Ke5 0-1

[Event "Aeroflot Open 2012 B"]
[Site "Moscow"]
[Date "2012.02.11"]
[Round "5"]
[White "Gavrilov, Alexei"]
[Black "Hayrapetyan, Hovik"]
[Result "1/2-1/2"]
[WhiteElo "2498"]
[BlackElo "2406"]
[PlyCount "108"]
[EventDate "2012.02.07"]
[EventType "swiss"]

1. e4 c5 2. Nf3 e6 3. d4 cxd4 4. Nxd4 a6 5. Bd3 Nc6 6. Nxc6 dxc6 7. Nd2 Qc7 8.
a4 Nf6 9. O-O e5 10. Qf3 Be7 11. Nc4 Be6 12. Be3 O-O 13. a5 Nd7 14. Qg3 f6 15.
Rfd1 Nc5 16. f3 Rad8 17. Bf1 Rxd1 18. Rxd1 Rd8 19. Rxd8+ Qxd8 20. Qf2 Na4 21.
Qe1 Bc5 22. b3 Bxe3+ 23. Nxe3 Nc5 24. b4 Na4 25. c3 c5 26. Kf2 cxb4 27. cxb4
Qd4 28. Kg3 g6 29. Nc2 Qd7 30. Qe3 Kg7 31. Qa3 h5 32. h4 Qc6 33. Ne3 Qc3 34.
Qxc3 Nxc3 35. Nc4 Nb5 36. Kf2 Kf7 37. Ke3 Ke7 38. Kd3 Bxc4+ 39. Kxc4 Kd6 40.
Kd3 Nd4 41. Kd2 g5 42. hxg5 fxg5 43. Bc4 h4 44. Bd5 Nxf3+ 45. Ke3 Ne1 46. Bxb7
g4 47. Bc8 Nxg2+ 48. Kf2 Nf4 49. Bxg4 Kc6 50. Kf3 Kb5 51. Bc8 Nd3 52. Kg4 Nf2+
53. Kxh4 Nxe4 54. Bf5 Kxb4 1/2-1/2

[Event "Aeroflot Open 2012 B"]
[Site "Moscow"]
[Date "2012.02.11"]
[Round "5"]
[White "Matinian, Nikita"]
[Black "Shimanov, Aleksandr"]
[Result "0-1"]
[WhiteElo "2438"]
[BlackElo "2549"]
[PlyCount "84"]
[EventDate "2012.02.07"]
[EventType "swiss"]

1. e4 c6 2. d4 d5 3. e5 Bf5 4. Nf3 e6 5. Be2 Ne7 6. O-O h6 7. Nbd2 Nd7 8. Nb3
Bh7 9. a4 a6 10. Bd2 Ng6 11. c4 Be7 12. cxd5 cxd5 13. g3 O-O 14. Ne1 Rc8 15.
Nd3 Re8 16. Rc1 Bf8 17. a5 Ne7 18. Ndc5 Nxc5 19. Nxc5 Nf5 20. Nxb7 Rxc1 21.
Bxc1 Qc7 22. Qa4 Rb8 23. Bxa6 Ra8 24. Nc5 Nxd4 25. Qxd4 Bxc5 26. Qc3 d4 27. Qc4
Qxa5 28. Bb5 Rc8 29. Rd1 Be4 30. Bd2 Qa8 31. Qa4 Qd5 32. Bc4 Qxe5 33. Qd7 Ra8
34. Re1 Qf5 35. Bf4 g5 36. f3 Bxf3 37. b4 Bb6 38. Rxe6 fxe6 39. Bxe6+ Kh8 40.
Qd6 Qf6 41. Be5 d3+ 42. Kf1 Ra1+ 0-1

[Event "Aeroflot Open 2012 B"]
[Site "Moscow"]
[Date "2012.02.11"]
[Round "5"]
[White "Arslanov, Shamil"]
[Black "Rogozenco, Dorian"]
[Result "1/2-1/2"]
[WhiteElo "2424"]
[BlackElo "2539"]
[PlyCount "42"]
[EventDate "2012.02.07"]
[EventType "swiss"]

1. e4 c5 2. Nf3 d6 3. d4 cxd4 4. Nxd4 Nf6 5. Nc3 a6 6. Bg5 e6 7. f4 h6 8. Bh4
Qb6 9. a3 Nc6 10. Bf2 Qc7 11. Be2 e5 12. Nxc6 bxc6 13. fxe5 dxe5 14. Bc4 Be7
15. O-O O-O 16. Qf3 Ng4 17. Kh1 Nxf2+ 18. Qxf2 Kh8 19. Qg3 Bg5 20. Ne2 Qe7 21.
Nc1 Be6 $11 1/2-1/2

[Event "Aeroflot Open 2012 B"]
[Site "Moscow"]
[Date "2012.02.11"]
[Round "5"]
[White "Kislinsky, Alexey"]
[Black "Froewis, Georg"]
[Result "1-0"]
[WhiteElo "2535"]
[BlackElo "2424"]
[PlyCount "107"]
[EventDate "2012.02.07"]
[EventType "swiss"]

1. e4 e6 2. d4 d5 3. Nd2 c5 4. c3 Nc6 5. Ngf3 cxd4 6. cxd4 dxe4 7. Nxe4 Bb4+ 8.
Nc3 Nf6 9. Bd3 O-O 10. O-O Be7 11. a3 b6 12. Re1 Bb7 13. Bc2 Rc8 14. Qd3 g6 15.
Bh6 Re8 16. Rad1 Nd5 17. h4 Nxc3 18. bxc3 Na5 19. h5 Nc4 20. hxg6 hxg6 21. Rxe6
Bf6 22. Rxe8+ Qxe8 23. Re1 Qd7 24. a4 Nb2 25. Qe3 Qg4 26. Kh2 Qh5+ 27. Kg3 Kh7
28. Qf4 Bxf3 29. gxf3 Bh4+ 30. Kg2 Qxh6 31. Qxf7+ Qg7 32. Qe6 Rf8 33. Re4 Bg5
34. Rg4 Qf6 35. Qd5 Kh6 36. f4 Bxf4 37. Rxg6+ Qxg6+ 38. Bxg6 Kxg6 39. Qb3 Nxa4
40. Qxa4 a5 41. c4 Rf6 42. c5 bxc5 43. dxc5 Bc7 44. Qg4+ Kh6 45. Qc8 Rf7 46.
Qh8+ Kg6 47. Qg8+ Kf6 48. Kf3 Ke7+ 49. Ke4 Rxf2 50. Qc8 Bh2 51. c6 a4 52. c7
Bxc7 53. Qxc7+ Ke8 54. Qb8+ 1-0